000
00208 a2200097 4500
001
17086
100
_a
Peltier Lous c
245
_a
Military Geography
260
_a
N B F
_b
N B F
_c
090
_c
12731
_d
12731
942
_a
NUST-CAE
_c
3038
_c
M
999
_c
252159
_d
252159